[Event "Lisbon Portugal op"]
[Site "Lisbon"]
[Date "2017.02.04"]
[Round "1"]
[White "Gordo, Bernardo"]
[Black "Santos, Antonio Pereira"]
[Result "1/2-1/2"]
[WhiteElo "1707"]
[BlackElo "2248"]
[PlyCount "82"]
[EventDate "2017.02.04"]
[EventType "swiss"]
[EventRounds "9"]
[EventCountry "POR"]
[SourceTitle "CBM 176 Extra"]
[Source "ChessBase"]
[SourceDate "2017.03.02"]
[SourceVersion "1"]
[SourceVersionDate "2017.03.02"]
[SourceQuality "1"]

1. d4 Nf6 2. Bf4 c5 3. e3 Qb6 4. b3 g6 5. Nf3 Bg7 6. c3 0-0 7. Nbd2 d5 8. Bd3 Nc6 9. h3 cxd4 10. exd4 Nd7 11. 0-0 e5 12. dxe5 Ndxe5 13. Nxe5 Nxe5 14. Bxe5 Bxe5 15. Rc1 Rd8 16. Re1 Bf4 17. Rc2 Be6 18. Nf3 Rac8 19. Nd4 Bd7 20. Qf3 Qd6 21. Bb5 Be5 22. Bxd7 Rxd7 23. Nb5 Qf6 24. Qg4 Rdd8 25. Nxa7 Rxc3 26. Rce2 h5 27. Qa4 Bd6 28. Nb5 Rcc8 29. Nxd6 Qxd6 30. Re8+ Rxe8 31. Rxe8+ Rxe8 32. Qxe8+ Kg7 33. Qb5 b6 34. Qd3 Qc5 35. Kf1 d4 36. Ke2 Qe5+ 37. Kf1 f5 38. a4 Qd5 39. b4 Kf7 40. a5 bxa5 41. bxa5 Qxa5 1/2-1/2

[Event "POR-ch U10"]
[Site "Armacao de Pera"]
[Date "2001.04.11"]
[Round "5.5"]
[White "Rego, Pedro Filipe"]
[Black "Gordo, Bernardo"]
[Result "1-0"]
[WhiteElo "1244"]
[BlackElo "1143"]
[PlyCount "53"]
[EventDate "2001.04.07"]
[EventType "swiss"]
[EventRounds "7"]
[EventCountry "POR"]
[SourceTitle "EXT 2002"]
[Source "ChessBase"]
[SourceDate "2001.11.25"]
[SourceVersion "1"]
[SourceVersionDate "2001.11.25"]
[SourceQuality "1"]

1. c4 e5 2. Nc3 Nf6 3. g3 Nc6 4. Bg2 Bc5 5. d3 Ng4 6. e3 d6 7. Nf3 0-0 8. 0-0 Re8 9. a3 h6 10. Rb1 Nf6 11. b4 Bb6 12. a4 a6 13. Ba3 a5 14. b5 Na7 15. d4 Bg4 16. c5 Bxf3 17. Qxf3 e4 18. Qd1 dxc5 19. dxc5 Qxd1 20. Rfxd1 Nxb5 21. Rxb5 c6 22. Rxb6 Red8 23. Rxd8+ Rxd8 24. Rxb7 Rd3 25. Bb2 Rd2 26. Bxe4 Nxe4 27. Nxe4 1-0